La comunicación colectiva, la manipulación como forma de poder y la formación de opinión pública: un caso concreto en Costa Rica /
Contenido: Enunciación del tema. Ocurrió en Costa Rica. El concepto de "daño moral": un concepto psicológico. La investigación del caso en la comunidad. Interpretación del caso. Una parábola sociológica para el desarrollo económico. Apéndice: una conclusión pragmática
Guardado en:
| Hovedforfatter: | |
|---|---|
| Format: | Texto |
| Sprog: | Spanish |
| Fag: | |
| Tags: |
Tilføj Tag
Ingen Tags, Vær først til at tagge denne postø!
|
MARC
| LEADER | 00000 a a2200000 04500 | ||
|---|---|---|---|
| 001 | 42627 | ||
| 003 | cru CRAI/IIS | ||
| 005 | 20210422123036.0 | ||
| 008 | 210422b ||||| |||| 00| 0 spa d | ||
| 040 | |c cru CRAI/IIS | ||
| 100 | |a Fonseca Tortós, Eugenio | ||
| 245 | |a La comunicación colectiva, la manipulación como forma de poder y la formación de opinión pública: |b un caso concreto en Costa Rica / |c Eugenio Fonseca Tortós | ||
| 500 | |a Colección Centroamérica | ||
| 520 | |a Contenido: Enunciación del tema. Ocurrió en Costa Rica. El concepto de "daño moral": un concepto psicológico. La investigación del caso en la comunidad. Interpretación del caso. Una parábola sociológica para el desarrollo económico. Apéndice: una conclusión pragmática | ||
| 650 | |a MEDIOS DE COMUNICACION | ||
| 650 | |a PODER | ||
| 650 | |a OPINION PUBLICA | ||
| 650 | |a ANALISIS SOCIOLOGICO | ||
| 650 | |a ESTUDIOS DE CASOS | ||
| 650 | |a PARTICIPACION CIUDADANA | ||
| 650 | |a ELECCIONES | ||
| 650 | |a ASPECTOS PSICOLOGICOS | ||
| 650 | |a PRENSA | ||
| 650 | |a INFORMACION | ||
| 773 | |g volumen2, número4 (1973), páginas 35-63 | ||
| 773 | 0 | |0 18875 |9 5529 |a Universidad de Costa Rica. |d San José, Costa Rica: Universidad de Costa Rica. Consejo Superior Universitario Centroamericano, 1972- |o 13806 |t Estudios Sociales Centroamericanos / |x 03039676 | |
| 942 | |2 ddc |c PP | ||
| 999 | |c 22128 |d 22128 | ||
